00500 2200181 4500001002100000005001700021035002500038090002100063100002700084245005300111250001100164260004000175300002000215500002800235650002000263850001200283990002300295YOGYA00000000002716020150312154227.0 a0010-081400000026878 aDEP 899.23 Min A aMintarja, Singgih Hadi aApi di bukit Menoreh IIIcMintarja, singgih Hadi aCet. 1 aYogyakartabKedaulatan Rakyatc1988 a80 hlm.c23 cm. aYang diterima : Jil. 31 aFiksi Indonesia aYOPDYOG aCB-D.11-1979-14097